MARC details
| 000 -CABECERA |
| campo de control de longitud fija |
01327nam a2200265 a 4500 |
| 001 - NÚMERO DE CONTROL |
| campo de control |
000025430 |
| 005 - FECHA Y HORA DE LA ÚLTIMA TRANSACCIÓN |
| campo de control |
20200930023801.0 |
| 008 - DATOS DE LONGITUD FIJA--INFORMACIÓN GENERAL |
| campo de control de longitud fija |
110216s1990 dr ad 000 0 spa d |
| 040 ## - FUENTE DE LA CATALOGACIÓN |
| Centro catalogador/agencia de origen |
DO-SdBNP |
| Lengua de catalogación |
spa |
| Centro/agencia transcriptor |
BNPHU |
| 041 17 - CÓDIGO DE LENGUA |
| Código de lengua del texto/banda sonora o título independiente |
spa |
| Código de lengua original |
eng |
| 082 ## - NÚMERO DE LA CLASIFICACIÓN DECIMAL DEWEY |
| Número de clasificación |
467.97293 |
| Número de documento/Ítem |
M496a |
| 100 1# - ENTRADA PRINCIPAL--NOMBRE DE PERSONA |
| Nombre de persona |
Megenney, William W. |
| 9 (RLIN) |
52035 |
| 245 10 - MENCIÓN DE TÍTULO |
| Título |
Africa en Santo Domingo : |
| Resto del título |
su herencia lingüística / |
| Mención de responsabilidad, etc. |
William W. Megenney. |
| 260 ## - PUBLICACIÓN, DISTRIBUCIÓN, ETC. |
| Lugar de publicación, distribución, etc. |
Santo Domingo : |
| Nombre del editor, distribuidor, etc. |
Museo del Hombre Dominicano : |
| -- |
Academia de Ciencias de la República Dominicana, |
| Fecha de publicación, distribución, etc. |
1990. |
| Fabricante |
Tiempo |
| 300 ## - DESCRIPCIÓN FÍSICA |
| Extensión |
252 p. : |
| Otras características físicas |
il., gráfcs., tablas ; |
| Dimensiones |
22 cm. |
| 500 ## - NOTA GENERAL |
| Nota general |
Incluye bibliografía y notas al final de capítulos. |
| 504 ## - NOTA DE BIBLIOGRAFÍA, ETC. |
| Nota de bibliografía, etc. |
Bibliografía : p. 237-250 |
| 505 0# - NOTA DE CONTENIDO CON FORMATO |
| Nota de contenido con formato |
Introducción -- |
| Título |
La trata esclavista entre el África y El Caribe -- |
| -- |
La sociolingüística -- |
| -- |
Fonología, morfología, sintaxis, entonación -- |
| -- |
Léxico de posible origen africano -- |
| -- |
Otro léxico -- |
| Información miscelánea |
Conclusiones -- |
| -- |
Bibliografía -- |
| Título |
Lista de las lenguas subsaharianas incluidas en el libro y los países en donde se hablan. |
| 590 ## - NOTA LOCAL (RLIN) |
| Nota local |
Inventariado, 2018/LP |
| 650 #4 - PUNTO DE ACCESO ADICIONAL DE MATERIA--TÉRMINO DE MATERIA |
| Término de materia o nombre geográfico como elemento de entrada |
Español |
| Subdivisión general |
Dialectos |
| Subdivisión geográfica |
República Dominicana |
| 9 (RLIN) |
18732 |
| 650 #4 - PUNTO DE ACCESO ADICIONAL DE MATERIA--TÉRMINO DE MATERIA |
| Término de materia o nombre geográfico como elemento de entrada |
Lenguas africanas |
| 9 (RLIN) |
34576 |
| 650 #4 - PUNTO DE ACCESO ADICIONAL DE MATERIA--TÉRMINO DE MATERIA |
| Término de materia o nombre geográfico como elemento de entrada |
Lenguaje y lenguas |
| 9 (RLIN) |
407 |
| 650 #4 - PUNTO DE ACCESO ADICIONAL DE MATERIA--TÉRMINO DE MATERIA |
| Término de materia o nombre geográfico como elemento de entrada |
Africanos |
| Subdivisión geográfica |
República Dominicana |
| 9 (RLIN) |
40536 |
| 910 ## - DATOS DE OPCIÓN DEL USUARIO (OCLC) |
| Datos de opción del usuario |
Validado. Control de calidad EMS |